Vai trò hoằng pháp của các nhà sư vùng Thuận Hóa và một số ngôi chùa Việt Nam tại miền Trung Lào hiện nay /

Gespeichert in:
Bibliographische Detailangaben
1. Verfasser: Thích Hải Ấn.
Weitere Verfasser: Phạm Văn Phượng.
Format: Artikel
Sprache:Vietnamese
Schlagworte:
Tags: Tag hinzufügen
Keine Tags, Fügen Sie den ersten Tag hinzu!
Thư viện lưu trữ: Thư viện Trường Đại học Đà Lạt
LEADER 01002nam a2200301 4500
001 DLU210196807
005 ##20210727
040 # # |a DLU  |b vie 
041 # # |a vie 
044 # # |a vn 
100 # # |a Thích Hải Ấn. 
245 # # |a Vai trò hoằng pháp của các nhà sư vùng Thuận Hóa và một số ngôi chùa Việt Nam tại miền Trung Lào hiện nay /  |c Thích Hải Ấn, Phạm Văn Phượng. 
653 # # |a Hoằng pháp 
653 # # |a Lào 
653 # # |a Nhà sư 
653 # # |a Tự viện 
653 # # |a Thuận Hóa 
700 # # |a Phạm Văn Phượng. 
773 # # |t Nghiên cứu Tôn giáo  |g Số 9(189), 2019, tr. 52-63 
920 # # |a Phòng Tạp chí -- Trung tâm Thông tin - Thư viện Trường Đại học Đà Lạt 
994 # # |a DLU 
900 # # |a True 
911 # # |a Hoàng Thị Huyền 
925 # # |a G 
926 # # |a A 
927 # # |a BB 
980 # # |a Thư viện Trường Đại học Đà Lạt